Documents on the state-wide initiative, referendum and recall /

Bibliographic Details
Main Author: Beard, Charles A. (Charles Austin), 1874-1948
Other Authors: Schultz, Birl Earl, 1883-
Format: Book
Language:English
Published: New York : The Macmillan company, 1912.
Subjects:

MARC

Tag First Indicator Second Indicator Subfields
LEADER 00000cam a2200000 4500
001 in00000066743
005 20151008050754.0
008 721122s1912 nyu 00000 eng u
010 |a  12000863  
035 |a (OCoLC)00500610 
035 |9 AAG3250AM 
040 |c WSU  |d TXA  |d UtOrBLW 
049 |a TXAM  |c [453] 
050 0 |a JF493.U6  |b B5 
092 |a 328.26  |b B368d 
100 1 |a Beard, Charles A.  |q (Charles Austin),  |d 1874-1948. 
245 1 0 |a Documents on the state-wide initiative, referendum and recall /  |c by Charles A. Beard ... and Birl E. Shultz. 
264 1 |a New York :  |b The Macmillan company,  |c 1912. 
300 |a 394 pages 
336 |a text  |b txt  |2 rdacontent 
337 |a unmediated  |b n  |2 rdamedia 
338 |a volume  |b nc  |2 rdacarrier 
650 0 |a Referendum. 
650 0 |a Recall. 
700 1 |a Schultz, Birl Earl,  |d 1883- 
999 |a MARS 
999 f f |s 0d88c556-4452-3c46-b892-2eada28a2e6d  |i 22f25a3a-6fe7-393b-bbbd-f7ae55853751  |t 0 
952 f f |p ric  |a Texas A&M University  |b Rellis Campus  |c Joint Library Facility  |d Remote Storage  |t 0  |e JF493.U6 B5  |h Library of Congress classification  |i unmediated -- volume  |m A14800681332 
998 f f |a JF493.U6 B5  |t 0  |l Remote Storage